[Event "SLO-chT1 West"]
[Site "Otocec"]
[Date "2006.11.18"]
[Round "3"]
[White "Rakovec, Anton"]
[Black "Rozman, Edo"]
[Result "1/2-1/2"]
[WhiteElo "2076"]
[BlackElo "2165"]
[PlyCount "74"]
[EventDate "2006.11.16"]
[EventType "team"]
[EventRounds "9"]
[EventCountry "SLO"]
[SourceTitle "EXT 2008"]
[Source "ChessBase"]
[SourceDate "2007.11.25"]
[SourceVersion "1"]
[SourceVersionDate "2007.11.25"]
[SourceQuality "1"]

1. e4 e5 2. Nf3 Nf6 3. Nxe5 d6 4. Nf3 Nxe4 5. d4 d5 6. Bd3 Be7 7. 0-0 Nc6 8. c4 Bg4 9. Nc3 Nf6 10. Be3 0-0 11. h3 Bxf3 12. Qxf3 Nb4 13. Be2 c6 14. Rac1 dxc4 15. Bxc4 Qa5 16. Rfd1 Rad8 17. a3 Nbd5 18. Bd2 Qb6 19. Na4 Qc7 20. Ba2 Rfe8 21. Bb1 b6 22. b4 Qd7 23. Nc3 Nxc3 24. Bxc3 Nd5 25. Bb2 g6 26. Be4 Bf8 27. Rc2 Qe6 28. Bd3 Bh6 29. Re2 Qd7 30. Rde1 Rxe2 31. Bxe2 Re8 32. Rd1 Qe6 33. Bf1 Qe4 34. Qxe4 Rxe4 35. g3 Kf8 36. Bd3 Re6 37. b5 cxb5 1/2-1/2

[Event "SLO-chT1 West"]
[Site "Otocec"]
[Date "2006.11.17"]
[Round "2"]
[White "Rozman, Edo"]
[Black "Malnar, Toni"]
[Result "0-1"]
[WhiteElo "2165"]
[BlackElo "2003"]
[PlyCount "52"]
[EventDate "2006.11.16"]
[EventType "team"]
[EventRounds "9"]
[EventCountry "SLO"]
[SourceTitle "EXT 2008"]
[Source "ChessBase"]
[SourceDate "2007.11.25"]
[SourceVersion "1"]
[SourceVersionDate "2007.11.25"]
[SourceQuality "1"]

1. d4 Nf6 2. Nf3 d5 3. e3 c6 4. Nbd2 Bg4 5. Be2 Nbd7 6. b3 e6 7. Bb2 Ne4 8. Nxe4 dxe4 9. Nd2 Bf5 10. 0-0 Qg5 11. Re1 h5 12. Kh1 Nf6 13. f4 Qh6 14. c4 Ng4 15. Bxg4 hxg4 16. Nf1 g3 17. Kg1 Bb4 18. hxg3 Bxe1 19. Qxe1 Qh1+ 20. Kf2 Bh3 21. Qe2 Qxg2+ 22. Ke1 Qxf1+ 23. Qxf1 Bxf1 24. Kxf1 Rh2 25. Bc3 0-0-0 26. Be1 Rh1+ 0-1

[Event "SLO-chT"]
[Site "Bled"]
[Date "2005.11.06"]
[Round "5"]
[White "Rozman, Edo"]
[Black "Ofak, Marko"]
[Result "1-0"]
[WhiteElo "2158"]
[BlackElo "2073"]
[PlyCount "39"]
[EventDate "2005.11.03"]
[EventType "team"]
[EventRounds "9"]
[EventCountry "SLO"]
[SourceTitle "CBM 109 Extra"]
[Source "ChessBase"]
[SourceDate "2006.01.03"]
[SourceVersion "2"]
[SourceVersionDate "2006.01.03"]
[SourceQuality "1"]

1. Nf3 d5 2. d4 Nf6 3. e3 g6 4. Nbd2 Bg7 5. b3 0-0 6. Bb2 Nbd7 7. Be2 c5 8. 0-0 b6 9. c4 Bb7 10. Rc1 Rc8 11. Rc2 cxd4 12. Bxd4 Ne4 13. cxd5 Bxd5 14. Bxg7 Kxg7 15. Nxe4 Bxe4 16. Rd2 Bc6 17. Nd4 Bd5 18. Nf5+ gxf5 19. Rxd5 Rc7 20. Bb5 1-0

[Event "SLO-chT"]
[Site "Bled"]
[Date "2005.11.05"]
[Round "3"]
[White "Rozman, Edo"]
[Black "Marinsek, Tomaz"]
[Result "0-1"]
[WhiteElo "2158"]
[BlackElo "2214"]
[PlyCount "96"]
[EventDate "2005.11.03"]
[EventType "team"]
[EventRounds "9"]
[EventCountry "SLO"]
[SourceTitle "CBM 109 Extra"]
[Source "ChessBase"]
[SourceDate "2006.01.03"]
[SourceVersion "2"]
[SourceVersionDate "2006.01.03"]
[SourceQuality "1"]

1. Nf3 d5 2. d4 Nf6 3. e3 c5 4. b3 Nc6 5. Bb2 e6 6. Nbd2 Be7 7. Bd3 Qb6 8. c4 Bd7 9. 0-0 Nb4 10. Be2 cxd4 11. Bxd4 Qc7 12. Be5 Bd6 13. Bxd6 Qxd6 14. cxd5 Nbxd5 15. Rc1 0-0 16. e4 Nf4 17. e5 Qa3 18. exf6 Qxc1 19. fxg7 Kxg7 20. Ne5 Qxd1 21. Bxd1 Rfd8 22. Ne4 Bb5 23. Re1 f6 24. Nc4 Bxc4 25. bxc4 Rd4 26. Bb3 Nd3 27. Re3 Rad8 28. h3 b6 29. Ng3 Nc5 30. Rf3 f5 31. Ne2 Rd3 32. Rf4 Rd2 33. Nc3 R2d4 34. Rxd4 Rxd4 35. Nb5 Rd7 36. Bc2 a6 37. Na3 Kf6 38. Kf1 Ke5 39. Ke2 Ne4 40. Bxe4 Kxe4 41. Nc2 f4 42. f3+ Ke5 43. Nb4 Kf5 44. c5 bxc5 45. Nxa6 c4 46. Nb4 Rg7 47. Kf1 c3 48. Nc2 Rd7 0-1

[Event "SLO-chT1 West"]
[Site "Bled"]
[Date "2000.??.??"]
[Round "?"]
[White "Mufic, Goran"]
[Black "Rozman, Edo"]
[Result "1/2-1/2"]
[WhiteElo "2372"]
[BlackElo "2127"]
[PlyCount "82"]
[EventDate "2000.??.??"]
[EventType "team"]
[EventRounds "7"]
[EventCountry "SLO"]
[SourceTitle "EXT 2002"]
[Source "ChessBase"]
[SourceDate "2001.11.25"]
[SourceVersion "1"]
[SourceVersionDate "2001.11.25"]
[SourceQuality "1"]

1. e4 e5 2. Nf3 Nf6 3. Nxe5 d6 4. Nf3 Nxe4 5. Nc3 Nxc3 6. dxc3 Be7 7. Bf4 Bf5 8. Qd2 d5 9. 0-0-0 c6 10. c4 0-0 11. cxd5 Bf6 12. d6 Qb6 13. Be5 Nd7 14. Bxf6 Nxf6 15. Nd4 Bg6 16. f3 Rad8 17. Nb3 Nd5 18. Bd3 Rxd6 19. Bxg6 Rxg6 20. Rhe1 Rf6 21. Re4 Qc7 22. Nc5 b6 23. c4 bxc5 24. cxd5 Rd6 25. Re5 cxd5 26. Rxd5 Rxd5 27. Qxd5 Qxh2 28. Rd2 Qc7 29. Qd7 Qa5 30. Qe7 h6 31. a3 Qb5 32. Qe2 c4 33. Rc2 Rc8 34. Rc3 Qa4 35. Qc2 Qa6 36. Kb1 g6 37. Qe4 Qa4 38. f4 Qb5 39. g4 Rb8 40. Qe2 Rc8 41. Qe4 Rb8 1/2-1/2

[Event "Nova Gorica op 04th"]
[Site "Nova Gorica"]
[Date "1999.02.04"]
[Round "8"]
[White "Rozman, Edo"]
[Black "Bednarich, Jan"]
[Result "1/2-1/2"]
[WhiteElo "2186"]
[BlackElo "2230"]
[PlyCount "119"]
[EventDate "1999.01.28"]
[EventType "swiss"]
[EventRounds "9"]
[EventCountry "SLO"]
[SourceTitle "CBM 068 Extra"]
[Source "ChessBase"]
[SourceDate "1999.03.01"]
[SourceVersion "1"]
[SourceVersionDate "1999.03.01"]
[SourceQuality "1"]

1. e4 c5 2. Nf3 e6 3. d4 cxd4 4. Nxd4 a6 5. Nc3 Qc7 6. g3 Nc6 7. Bg2 d6 8. 0-0 Bd7 9. a4 Nf6 10. Kh1 h5 11. h3 Be7 12. Be3 Rc8 13. Qe2 h4 14. g4 Nxd4 15. Bxd4 e5 16. Be3 Be6 17. Rfd1 Qc4 18. Qxc4 Rxc4 19. Rd3 Nd7 20. Rc1 Nc5 21. Bxc5 Rxc5 22. Nd5 Bg5 23. Ne3 Ke7 24. c3 g6 25. Ra1 a5 26. Bf1 Rhc8 27. Nd5+ Bxd5 28. Rxd5 Rxd5 29. exd5 f5 30. f3 Kf6 31. Re1 Bd2 32. Re2 Bf4 33. Rc2 Be3 34. Bd3 Kg5 35. Kg2 Rc5 36. c4 Rc7 37. Be2 Bd4 38. Bd1 Kf4 39. b3 Re7 40. Ra2 Bc5 41. Rc2 e4 42. fxe4 Rxe4 43. Re2 Be3 44. Bc2 Re5 45. gxf5 gxf5 46. Re1 Kg5 47. Kf3 Bc5 48. Re2 Kf6 49. Bd3 Rxe2 50. Kxe2 Ke5 51. Kf3 Bg1 52. Bc2 Bh2 53. Bb1 Bg3 54. Bc2 f4 55. Bg6 b6 56. Be8 Kd4 57. Bd7 Kc3 58. Be8 Kxb3 59. Bb5 Kc3 60. Ba6 1/2-1/2

[Event "Nova Gorica op 04th"]
[Site "Nova Gorica"]
[Date "1999.02.01"]
[Round "5"]
[White "Rozman, Edo"]
[Black "Nedimovic, Ljubisa"]
[Result "0-1"]
[WhiteElo "2186"]
[BlackElo "2170"]
[PlyCount "31"]
[EventDate "1999.01.28"]
[EventType "swiss"]
[EventRounds "9"]
[EventCountry "SLO"]
[SourceTitle "CBM 068 Extra"]
[Source "ChessBase"]
[SourceDate "1999.03.01"]
[SourceVersion "1"]
[SourceVersionDate "1999.03.01"]
[SourceQuality "1"]

1. e4 e6 2. d4 d5 3. Nd2 Nf6 4. e5 Nfd7 5. f4 c5 6. c3 Nc6 7. Ndf3 Qb6 8. Ne2 f6 9. g3 cxd4 10. cxd4 Bb4+ 11. Bd2 fxe5 12. dxe5 0-0 13. Qc2 Ndxe5 14. Nxe5 Nxe5 15. fxe5 Qf2+ 16. Kd1 0-1

[Event "SLO-chT2"]
[Site "Skofja Loka"]
[Date "1998.??.??"]
[Round "?"]
[White "Kovacic, Peter"]
[Black "Rozman, Edo"]
[Result "1-0"]
[WhiteElo "2165"]
[BlackElo "2230"]
[PlyCount "73"]
[EventDate "1998.11.27"]
[EventType "team"]
[EventRounds "7"]
[EventCountry "SLO"]
[SourceTitle "EXT 2001"]
[Source "ChessBase"]
[SourceDate "2000.11.22"]
[SourceVersion "1"]
[SourceVersionDate "2000.11.22"]
[SourceQuality "1"]

1. f4 d5 2. Nf3 c5 3. g3 Nc6 4. Bg2 Nf6 5. d3 Bg4 6. 0-0 e6 7. c3 Bd6 8. Qa4 Qa5 9. Qxa5 Nxa5 10. h3 Bxf3 11. Bxf3 c4 12. e4 Bc5+ 13. Kg2 dxe4 14. dxe4 0-0-0 15. Re1 Rd3 16. Be2 Rd7 17. Nd2 Rhd8 18. e5 Nd5 19. Nxc4 Nc6 20. b4 b5 21. Na3 Bb6 22. Nxb5 Kb8 23. Bf3 Nce7 24. a4 Nf5 25. a5 Be3 26. Bxd5 Bxc1 27. Be4 Bd2 28. Re2 a6 29. Nd4 Nxd4 30. Rxd2 Nb5 31. Rxd7 Rxd7 32. Rc1 Rd2+ 33. Kf3 g6 34. Ke3 Rh2 35. h4 Rh3 36. Kf2 Rh2+ 37. Bg2 1-0

[Event "SLO-chT 06th"]
[Site "Bled"]
[Date "1996.??.??"]
[Round "4"]
[White "Mikac, Matjaz"]
[Black "Rozman, Edo"]
[Result "1-0"]
[WhiteElo "2440"]
[BlackElo "2210"]
[PlyCount "43"]
[EventDate "1996.??.??"]
[EventType "team-tourn"]
[EventRounds "7"]
[EventCountry "SLO"]
[SourceTitle "CBM 055 Extra"]
[Source "ChessBase"]
[SourceDate "1997.01.01"]
[SourceVersion "1"]
[SourceVersionDate "1997.01.01"]
[SourceQuality "1"]
[WhiteTeam "Ljubljana LSK"]
[BlackTeam "Iskra Tolmin"]
[WhiteTeamCountry "SLO"]
[BlackTeamCountry "SLO"]

1. Nf3 d5 2. d4 e6 3. c4 Nf6 4. Nc3 Be7 5. Qc2 0-0 6. cxd5 exd5 7. Bg5 Nbd7 8. e3 Re8 9. Bd3 c6 10. h3 Nf8 11. 0-0 Ne4 12. Bf4 Bd6 13. Nxe4 Bxf4 14. exf4 dxe4 15. Bxe4 Be6 16. Rfe1 Bd5 17. b3 Bxe4 18. Rxe4 Qf6 19. Rae1 Rxe4 20. Qxe4 Rd8 21. Qe7 Nd7 22. Qxd7 1-0

[Event "SLO-chT 06th"]
[Site "Bled"]
[Date "1996.??.??"]
[Round "1"]
[White "Pavasovic, Dusko"]
[Black "Rozman, Edo"]
[Result "1-0"]
[WhiteElo "2495"]
[BlackElo "2210"]
[PlyCount "63"]
[EventDate "1996.??.??"]
[EventType "team-tourn"]
[EventRounds "7"]
[EventCountry "SLO"]
[SourceTitle "CBM 055 Extra"]
[Source "ChessBase"]
[SourceDate "1997.01.01"]
[SourceVersion "1"]
[SourceVersionDate "1997.01.01"]
[SourceQuality "1"]
[WhiteTeam "Krsko Triglav"]
[BlackTeam "Iskra Tolmin"]
[WhiteTeamCountry "SLO"]
[BlackTeamCountry "SLO"]

1. e4 e5 2. Nf3 Nf6 3. Nc3 Nc6 4. g3 d5 5. exd5 Nxd5 6. Bg2 Nxc3 7. bxc3 Be7 8. d3 0-0 9. 0-0 f5 10. Qe2 Bf6 11. Rb1 Re8 12. Re1 Rb8 13. Nd2 Be6 14. Rxb7 Rxb7 15. Bxc6 Rb6 16. Bxe8 Qxe8 17. Nb3 Qc6 18. c4 e4 19. Be3 Ra6 20. Nc5 Rxa2 21. d4 Bf7 22. Rb1 h6 23. d5 Qd6 24. Qd2 Kh7 25. Qe2 g5 26. g4 Bg6 27. Ne6 f4 28. Bc5 f3 29. Qe3 Qa6 30. Bd4 Be7 31. Qb3 Qa3 32. Qb8 1-0

[Event "SLO-chT 06th"]
[Site "Bled"]
[Date "1996.??.??"]
[Round "7"]
[White "Rozman, Edo"]
[Black "Markun, Bostjan"]
[Result "1-0"]
[WhiteElo "2210"]
[BlackElo "2265"]
[PlyCount "59"]
[EventDate "1996.??.??"]
[EventType "team-tourn"]
[EventRounds "7"]
[EventCountry "SLO"]
[SourceTitle "CBM 055 Extra"]
[Source "ChessBase"]
[SourceDate "1997.01.01"]
[SourceVersion "1"]
[SourceVersionDate "1997.01.01"]
[SourceQuality "1"]
[WhiteTeam "Iskra Tolmin"]
[BlackTeam "Kranj Tomo Zupan"]
[WhiteTeamCountry "SLO"]
[BlackTeamCountry "SLO"]

1. e4 e5 2. Nf3 Nc6 3. Bc4 Nf6 4. d4 exd4 5. 0-0 Bc5 6. e5 Ng4 7. h3 Ngxe5 8. Nxe5 Nxe5 9. Re1 d6 10. f4 d3+ 11. Kh2 Qh4 12. fxe5 Qxc4 13. cxd3 Qh4 14. Re4 Qe7 15. d4 d5 16. Re3 Bb6 17. Rg3 Bf5 18. Nc3 0-0-0 19. Na4 Kb8 20. Nxb6 axb6 21. Bg5 f6 22. Bf4 b5 23. exf6 gxf6 24. Rc1 Rd7 25. Rgc3 Rc8 26. Qb3 Qe4 27. Bg3 Qxd4 28. Qxb5 Rg8 29. Rxc7 Rxc7 30. Rxc7 1-0

[Event "SLO-chT 06th"]
[Site "Bled"]
[Date "1996.??.??"]
[Round "3"]
[White "Rozman, Edo"]
[Black "Supancic, Darko"]
[Result "1/2-1/2"]
[WhiteElo "2210"]
[BlackElo "2405"]
[PlyCount "149"]
[EventDate "1996.??.??"]
[EventType "team-tourn"]
[EventRounds "7"]
[EventCountry "SLO"]
[SourceTitle "CBM 055 Extra"]
[Source "ChessBase"]
[SourceDate "1997.01.01"]
[SourceVersion "1"]
[SourceVersionDate "1997.01.01"]
[SourceQuality "1"]
[WhiteTeam "Iskra Tolmin"]
[BlackTeam "Ptuj"]
[WhiteTeamCountry "SLO"]
[BlackTeamCountry "SLO"]

1. g3 c5 2. Bg2 Nc6 3. f4 g6 4. Nf3 Bg7 5. 0-0 d5 6. d3 Nf6 7. Nc3 d4 8. Ne4 Nxe4 9. dxe4 e5 10. e3 Bg4 11. exd4 cxd4 12. h3 Be6 13. Nxe5 Nxe5 14. fxe5 h6 15. Qd3 0-0 16. h4 Rc8 17. Rf2 Qb6 18. Bf1 Bxe5 19. Qf3 Bg7 20. Bd3 Bc4 21. b3 Bxd3 22. cxd3 Qa6 23. Bd2 Qe6 24. Bb4 Rfd8 25. Kg2 Rd7 26. Qd1 Be5 27. Bd2 Kg7 28. Rc1 Rdc7 29. Rxc7 Rxc7 30. Bf4 Bxf4 31. Rxf4 Qa6 32. Rf2 Rc3 33. Qf3 Qe6 34. e5 Qc6 35. Qxc6 bxc6 36. Rd2 f5 37. exf6+ Kxf6 38. Kf3 Kf5 39. g4+ Ke5 40. Re2+ Kd5 41. Rd2 Rc1 42. h5 gxh5 43. gxh5 Rh1 44. Kg4 Rg1+ 45. Kf4 Rg5 46. b4 Rxh5 47. Rc2 Rh4+ 48. Kg3 Rh1 49. Rc5+ Kd6 50. Rc4 Ra1 51. Rxd4+ Kc7 52. Rh4 Rxa2 53. Kf3 Ra4 54. Rxh6 Rxb4 55. Ke3 Rb2 56. d4 Rb3+ 57. Kd2 a5 58. Kc2 a4 59. Rh4 Rg3 60. d5 cxd5 61. Rxa4 Kd6 62. Rh4 Ke5 63. Kd2 Rf3 64. Ke2 Ra3 65. Kd2 Kd6 66. Kc2 Kc5 67. Kd2 Rg3 68. Kc2 d4 69. Rh8 Kc4 70. Rc8+ Kd5 71. Rd8+ Ke4 72. Re8+ Kf4 73. Rf8+ Ke3 74. Re8+ Kf2 75. Re4 1/2-1/2